000 00604nam a22001337a 4500
020 _a0 -439-29609-4
082 _a823
_bOSB/R
100 _aOSBORNE , MARY POPE
245 _aREVOLUTIONARY WAR ON WEDNESDAY
260 _aNEW YORK
_bRANDOM HOUSE CHILDREN,S BOOKS
_c2000
300 _a70
520 _aThis book happens to be about the Revolutionary War. Jack and Annie travel back in time to the 1700's. The children are whisked away into a time where George Washington leads the troops. The children are sent back in time for a mission, they need to retrieve something for their friend Morgan.
942 _cBK
999 _c6290
_d6290